书目信息 |
| 书名: | Understanding science | |
| 作者: | by William H. Crouse. | |
| 分册号: | ||
| 分册名: | 出版地: | Nacka : |
|
| 出版社: | McGraw-Hill | |
| 出版时间: | 1975. | |
| 页数: | 88p ; | |
| 开本: | 19cm. | |
| 丛书名: | ||
| 中图分类号: | ||
| 科图分类号: | ||
| 其他分类号: | H319.4 | |
| 主题词: | ||
| 电子资源: | ||
| 000 | 01115nam 2200325 a 4500 | |
| 001 | E0752836528 | |
| 005 | 20070227144759.57 | |
| 008 | 00110 eng | |
| 008 | uu | |
| 008 | 1975 g | |
| 010 | @a73001866 /AC | |
| 020 | @a91-24-25196-8 :@cCNY0.35. | |
| 049 | @aN5LA | |
| 050 | 0 | @aT48 @b.C7 1973 |
| 082 | @a600 | |
| 090 | @a2/N49/CWH/////894172 | |
| 090 | @aH319.4 | |
| 096 | @aN49 @v2 | |
| 099 | @dH319.4@ex113 | |
| 245 | 10 | @aUnderstanding science :@ba technical reader / @cby William H. Crouse. |
| 260 | 0 | @aNacka :@bMcGraw-Hill,@c1975. |
| 300 | @a88p ;@c19cm. | |
| 520 | @aDiscusses the basic principles of the biological and physical sciences and the ways scientists have discovered and applied these principles. | |
| 650 | 1 | @aScience. |
| 650 | 0 | @aScience @xJuvenile literature. |
| 650 | 0 | @aTechnology @xJuvenile literature. |
| 650 | 1 | @aTechnology. |
| 700 | 11 | @aBeane, Bob, @eillus. @b00 @c20020930 @lNLC09 @h2247 @b00 @c20021018 @lNLC09 @h0106 @lNLC09 @h2307 @lNLC09 @h1858 |
| 700 | 11 | @aBendick, Jeanne. @eillus. |
| 852 | 9 | @bWWJC @cJ08S @k2 @hN49 @iCWH |
| Understanding science : : a technical reader / / by William H. Crouse.-Nacka : : McGraw-Hill, , 1975. |
| 88p ; ; 19cm. |
| Discusses the basic principles of the biological and physical sciences and the ways scientists have discovered and applied these principles. |
| ISBN 91-24-25196-8 :CNY0.35. |
| Discusses the basic principles of the biological and physical sciences and the ways scientists have discovered and applied these principles. |
| ● |
| 相关链接 |
|
|
|
|
正题名:Understanding science
索取号:H319.4/x113
 
预约/预借
| 序号 | 登录号 | 条形码 | 馆藏地/架位号 | 状态 | 备注 |
| 1 | 23912 | 001189742 | 第四借阅区/ [索取号:H319.4/x113] | 在馆 | |
| 2 | 23913 | 001189751 | 第四借阅区/ [索取号:H319.4/x113] | 在馆 | |
| 3 | 23914 | 001189804 | 第四借阅区/ [索取号:H319.4/x113] | 在馆 | |
| 4 | 23915 | 001189760 | 第四借阅区/ [索取号:H319.4/x113] | 在馆 | |
| 5 | 23916 | 001189822 | 第四借阅区/ [索取号:H319.4/x113] | 在馆 | |
| 6 | 23917 | 001189797 | 密集书库/ [索取号:H319.4/x113] | 在馆 | |
| 7 | 23918 | 001189788 | 密集书库/ [索取号:H319.4/x113] | 在馆 | |
| 8 | 23919 | 001189813 | 密集书库/ [索取号:H319.4/x113] | 在馆 | |
| 9 | 23920 | 001189779 | 密集书库/ [索取号:H319.4/x113] | 在馆 | |
| 10 | 23921 | 001189733 | 密集书库/ [索取号:H319.4/x113] | 在馆 |